<?xml version="1.0" encoding="UTF-8"?>
<record
    xmlns:xsi="http://www.w3.org/2001/XMLSchema-instance"
    xsi:schemaLocation="http://www.loc.gov/MARC21/slim http://www.loc.gov/standards/marcxml/schema/MARC21slim.xsd"
    xmlns="http://www.loc.gov/MARC21/slim">

  <leader>00709ngm a2200217 i 4500</leader>
  <controlfield tag="001">174465</controlfield>
  <controlfield tag="003">ES-MaACL</controlfield>
  <controlfield tag="005">20230906215534.0</controlfield>
  <controlfield tag="007">vd c ai</controlfield>
  <controlfield tag="008">100426s2005    sp ---        |01 ||spa d</controlfield>
  <datafield tag="100" ind1="1" ind2=" ">
    <subfield code="a">Jourdan, Laurence.</subfield>
    <subfield code="9">142580</subfield>
  </datafield>
  <datafield tag="245" ind1="1" ind2="4">
    <subfield code="a">The armenian genocide [</subfield>
    <subfield code="h">V&#xED;deo] </subfield>
    <subfield code="b">= Le g&#xE9;nocide arm&#xE9;nien / </subfield>
    <subfield code="c">a documentary by Laurence Jourdan.</subfield>
  </datafield>
  <datafield tag="246" ind1="3" ind2="1">
    <subfield code="a">Le g&#xE9;nocide arm&#xE9;nien</subfield>
  </datafield>
  <datafield tag="260" ind1=" " ind2=" ">
    <subfield code="a">[S.l.] : </subfield>
    <subfield code="b">Arte, </subfield>
    <subfield code="c">cop. 2005.</subfield>
  </datafield>
  <datafield tag="300" ind1=" " ind2=" ">
    <subfield code="a">1 videodisco (DVD) : </subfield>
    <subfield code="b">52, 46 min. ; </subfield>
    <subfield code="c">12 cm.</subfield>
  </datafield>
  <datafield tag="505" ind1="8" ind2=" ">
    <subfield code="a">Con una entrevista a Yves Ternon</subfield>
  </datafield>
  <datafield tag="546" ind1=" " ind2=" ">
    <subfield code="a">En ingl&#xE9;s y franc&#xE9;s.</subfield>
  </datafield>
  <datafield tag="610" ind1="1" ind2="4">
    <subfield code="a">Armenia.</subfield>
    <subfield code="9">142581</subfield>
  </datafield>
  <datafield tag="700" ind1="1" ind2=" ">
    <subfield code="a">Ternon, Ives.</subfield>
    <subfield code="9">109759</subfield>
  </datafield>
  <datafield tag="852" ind1=" " ind2=" ">
    <subfield code="a">ES-MaACL</subfield>
    <subfield code="j">ROT 2/4/19 </subfield>
    <subfield code="z">.- DVD</subfield>
  </datafield>
  <datafield tag="999" ind1=" " ind2=" ">
    <subfield code="c">174465</subfield>
    <subfield code="d">174465</subfield>
  </datafield>
  <datafield tag="952" ind1=" " ind2=" ">
    <subfield code="0">0</subfield>
    <subfield code="1">0</subfield>
    <subfield code="2">udc</subfield>
    <subfield code="4">0</subfield>
    <subfield code="7">0</subfield>
    <subfield code="a">ATENEOM</subfield>
    <subfield code="b">ATENEOM</subfield>
    <subfield code="c">DEPO</subfield>
    <subfield code="d">2010-04-26</subfield>
    <subfield code="l">0</subfield>
    <subfield code="o">ROT 2/4/19</subfield>
    <subfield code="p">1183137</subfield>
    <subfield code="r">2023-02-23 00:00:00</subfield>
    <subfield code="w">2023-02-23</subfield>
    <subfield code="y">DVD</subfield>
  </datafield>
</record>
